| 000 | 00962nam a22002777a 4500 | ||
|---|---|---|---|
| 999 |
_c15150 _d15150 |
||
| 003 | MIRAKIL | ||
| 005 | 20230215132550.0 | ||
| 008 | 230215b tu ||||| |||| 00| 0 tur d | ||
| 020 | _a9786053995036 | ||
| 040 |
_aTR-AnCHP _cTR-AnCHP |
||
| 041 | _atur | ||
| 082 |
_a792.8 _bG26y 2018 |
||
| 100 | _aGarcia, Maria Elena | ||
| 245 |
_aYaratıcı hareket ve dans, _bGarcia Plevin yöntemi / _cMaria Elena Garcia, Marcia Plevin, Patrizia Macagno; çeviren : Ebru Salman |
||
| 246 | _aGarcia Plevin yöntemi | ||
| 260 |
_aİstanbul : _bİstanbul Bilgi Üniversitesi, _c2018. |
||
| 300 |
_a168 s.; _c23 sm. |
||
| 490 | 0 |
_aİstanbul Bilgi Üniversitesi yayınları ; _aPsikanaliz/Psikoloji ; _v618. _v16. |
|
| 504 | _aKaynakça ve dizin vardır. | ||
| 650 | 0 |
_97313 _aModern dans |
|
| 700 |
_97311 _aPlevin, Marcia |
||
| 700 |
_97312 _aMacagno, Patrizia |
||
| 700 | 1 |
_91898 _aSalman, Ebru _eçev. |
|
| 740 | _aGarcia Plevin yöntemi | ||
| 942 |
_2ddc _cBKS |
||